| 000 | 00937cam a2200205 4500 | ||
|---|---|---|---|
| 001 | L136339 | ||
| 008 | 070125n2006 000 0 eng u | ||
| 035 | _a(Sirsi) u136339 | ||
| 041 | 0 | _aeng | |
| 050 | 0 | 4 | _a333.33 $2 18 |
| 110 | 2 |
_aEC Harris _94930 |
|
| 245 | 0 | 0 |
_aEuropean focus _bon commercial offices _h[electronic resource] |
| 260 |
_aLondon _bEC Harris _c2006 |
||
| 520 | _aDiscusses economic growth in the European Union, the resulting pressures on corporate profitability in the offices sector and the decline of fixed assets due to falling stock market prices. Graphs compare commercial offices output between 2004 and 2007 by country, and benchmark costs of medium rise air-conditioned offices by country. | ||
| 590 | _aKA | ||
| 651 | 4 | _aEUROPEAN UNION | |
| 690 | _aPROPERTY-COMMERCIAL PROPERTY-OFFICE PROPERTY | ||
| 856 | 4 | 0 |
_uhttps://www.echarris.com/ _zView the item free of charge at /www.echarris.com... |
| 942 | _n0 | ||
| 999 |
_c106363 _d106363 |
||